000 00519nam a2200157 i 4500
001 187797
003 ES-MaACL
005 20230906223031.0
008 180226s1867 rou |||| | rum d
080 _a37(498)
245 0 0 _aStatutele Societatii Transilvania :
_bpentru ajutoriulu studentiloru romani din Transilvania, si pertile ei.
260 _aBucaresti :
_b[s.n.],
_c1867 (
_fTip. Lucratoriloru Asociati)
300 _a8 p. ;
_c21 cm.
650 4 _aEnseñanza-
_zRumanía.
_9174748
852 4 _aES-MaACL
_jT-93-F-7
999 _c187797
_d187797